2022 NFL Standings - Statistics

General Stats
  • This quiz has been taken 140 times
  • The average score is 23 of 32
Answer Stats
Rank (seed) Record Answer % Correct
AFC West Champ (1) 14-3 Kansas City Chiefs
100%
AFC North Champ (3) 12-4 Cincinnati Bengals
96%
AFC East Champ (2) 13-3 Buffalo Bills
94%
AFC South Champ (4) 9-8 Jacksonville Jaguars
90%
AFC Wild Card (5) 10-7 Los Angeles Chargers
86%
NFC East Champ (1) 14-3 Philadelphia Eagles
84%
AFC Wild Card (6) 10-7 Baltimore Ravens
83%
AFC Wild Card (7) 9-8 Miami Dolphins
83%
NFC North Champ (3) 13-4 Minnesota Vikings
83%
NFC West Champ (2) 13-4 San Francisco 49ers
83%
NFC South Champ (4) 8-9 Tampa Bay Buccaneers
82%
NFC Wild Card (5) 12-5 Dallas Cowboys
79%
NFC Wild Card (6) 9-7-1 New York Giants
78%
NFC Wild Card (7) 9-8 Seattle Seahawks
74%
AFC (16) Missed Playoffs 3-13-1 Houston Texans
72%
NFC (8) Missed Playoffs 9-8 Detroit Lions
69%
AFC (8) Missed Playoffs 9-8 Pittsburgh Steelers
69%
AFC (9) Missed Playoffs 8-9 New England Patriots
66%
AFC (10) Missed Playoffs 7-10 New York Jets
65%
NFC (16) Missed Playoffs 3-14 Chicago Bears
64%
NFC (10) Missed Playoffs 8-9 Green Bay Packers
64%
AFC (15) Missed Playoffs 4-12-1 Indianapolis Colts
63%
NFC (9) Missed Playoffs 8-8-1 Washington Commanders
62%
NFC (11) Missed Playoffs 7-10 Carolina Panthers
61%
AFC (13) Missed Playoffs 6-11 Las Vegas Raiders
61%
AFC (11) Missed Playoffs 7-10 Tennessee Titans
61%
AFC (14) Missed Playoffs 5-12 Denver Broncos
60%
AFC (12) Missed Playoffs 7-10 Cleveland Browns
57%
NFC (15) Missed Playoffs 4-13 Arizona Cardinals
55%
NFC (13) Missed Playoffs 7-10 Atlanta Falcons
53%
NFC (14) Missed Playoffs 5-12 Los Angeles Rams
52%
NFC (12) Missed Playoffs 7-10 New Orleans Saints
51%
No matching quizzes found
Score Distribution
Percent of People with Each Score
Percentile by Number Answered
Your Score History
You have not taken this quiz